searching for Home: (Record no. 190350)

MARC details
000 -LEADER
fixed length control field 00562nam a22001817a 4500
005 - DATE AND TIME OF LATEST TRANSACTION
control field 20220722125158.0
010 ## - LCCN (DPL NO)
LC control number ENG-133858
020 ## - INTERNATIONAL STANDARD BOOK NUMBER
Terms of availability 399.00
International Standard Book Number 9789351950745
035 ## - SYSTEM CONTROL NUMBER
System control number EN-117390
037 ## - SOURCE OF ACQUISITION
Source of stock number/acquisition DBAD/PUB
082 ## - DEWEY DECIMAL CLASSIFICATION NUMBER
Classification number S
100 ## - MAIN ENTRY--PERSONAL NAME
Personal name Chawla, Simran
245 ## - TITLE STATEMENT
Title searching for Home:
Remainder of title Stories of Indians living Abroad/
Statement of responsibility, etc Simran Chawla
260 ## - PUBLICATION, DISTRIBUTION, ETC. (IMPRINT)
Place of publication, distribution, etc Gurugram
Name of publisher, distributor, etc Hachette Book Publishing India
Date of publication, distribution, etc 2018
270 ## - ADDRESS
Address 4th/5th Floors Corporate Centre, sector44
City Gurugram
Postal code 122003
300 ## - PHYSICAL DESCRIPTION
Extent 214p.
Dimensions 19cm(pbk)
Other physical details Acknowledgements
942 ## - ADDED ENTRY ELEMENTS (KOHA)
Source of classification or shelving scheme Dewey Decimal Classification
Item type English Books
Classification part S
Call number suffix CHA
Holdings
Withdrawn status Lost status Not for loan Collection code Home library Current library Date acquired Source of acquisition Cost, normal purchase price Full call number Barcode Copy number Cost, replacement price Koha item type
      Non-fiction Bawana Bawana 22/07/2022 DBAD/PUB 399.00 S CHA EN-117390 1 399.00 English Books

© Delhi Public Library
Hit Counter
free hit counter